Farben mischen - Statistiken

Allgemein
  • Dieses Quiz wurde 460 mal gespielt
  • Das Durchschnittsergebnis liegt bei 6 aus 6
Antwortstatistiken
1. Farbe 2. Farbe Ergebnis % Korrekt
schwarz weiß grau
99%
gelb blau grün
99%
rot gelb orange
98%
rot weiß rosa
97%
blau rot violett
97%
grün rot braun
89%
Keine übereinstimmenden Quizze gefunden
Verteilung der Resultate
Anzahl Personen mit jedem Resultat
Perzentil nach korrekt beantworteten Fragen
Ihre Resultats-Entwicklung
Sie haben dieses Quiz noch nicht gespielt